All 50k+ Cities in Honduras with a Map - Statistics

General Stats
  • This quiz has been taken 590 times
  • The average score is 6 of 16
Answers on the Map
Answers color-coded by a green-red scale on the quiz's map according to % correct below.
 
Answer Stats
Population City % Correct
1,079,400 Tegucigalpa
99%
661,190 San Pedro Sula
78%
195,780 La Ceiba
43%
108,850 Comayagua
38%
95,110 Choluteca
36%
118,740 El Progreso
36%
196,110 Choloma
32%
67,620 Puerto Cortés
30%
73,860 Danlí
28%
71,550 Siguatepeque
28%
56,500 Santa Rosa de Copán
27%
57,730 Tocoa
26%
67,870 Juticalpa
25%
73,250 La Lima
25%
75,150 Villanueva
25%
58,850 Catacamas
24%
No matching quizzes found
Score Distribution
Percent of People with Each Score
Percentile by Number Answered
Your Score History
You have not taken this quiz